[Event "ROM-ch U08"]
[Site "Calimanesti"]
[Date "2015.04.02"]
[Round "5"]
[White "Jilavu, Albert Paul"]
[Black "Nastore, Pavel Alexandru"]
[Result "0-1"]
[WhiteElo "1001"]
[BlackElo "1192"]
[PlyCount "94"]
[EventDate "2015.03.30"]
[EventType "swiss"]
[EventRounds "9"]
[EventCountry "ROU"]
[SourceTitle "CBM 165 Extra"]
[Source "ChessBase"]
[SourceDate "2015.04.21"]
[SourceVersion "1"]
[SourceVersionDate "2015.04.21"]
[SourceQuality "1"]

1. e4 c5 2. Nc3 Nc6 3. Nf3 e6 4. g3 Nge7 5. Bg2 g6 6. 0-0 Bg7 7. d3 d5 8. exd5 exd5 9. Qd2 0-0 10. Qd1 Bg4 11. h3 Bxf3 12. Qxf3 Nd4 13. Qd1 Re8 14. Be3 Ne6 15. Re1 d4 16. Qd2 dxc3 17. bxc3 Nd5 18. Bh6 Bxc3 19. Qe2 Bxa1 20. Rxa1 Nd4 21. Qd2 Re2 22. Qc1 Rxc2 23. Qd1 Nc3 24. Qe1 Nce2+ 25. Kh2 Qd6 26. h4 Nxg3 27. fxg3 Nf3+ 28. Kh3 Nxe1 29. Rxe1 Qxd3 30. Rg1 Rxa2 31. Bf1 Qf5+ 32. g4 Ra3+ 33. Kg2 Qxg4+ 34. Kf2 Qxh4+ 35. Kg2 Qh3+ 36. Kf2 Ra2+ 37. Be2 Qxh6 38. Rg2 Re8 39. Kf3 Re3+ 40. Kg4 Rexe2 41. Rxe2 Qh5+ 42. Kf4 g5+ 43. Kf5 Qxe2 44. Kxg5 Rd2 45. Kf6 Rd6+ 46. Kg5 Rg6+ 47. Kh4 Qh2# 0-1